L'ànima primitiva / Lucien Lévy-Bruhl ; traducció de Santiago Albertí ; edició a cura de Joan Frigolé i Reixach ; pròleg de Ramon Valdés
Descripción Física:
355 p., [3] f. ; 19 cm
Colección:
Clàssics del pensament modern ; 20
Materias:
Filosofia francesa
MARC
| LEADER | 00000nam a2200000Ia 4500 | ||
|---|---|---|---|
| 001 | 1241 | ||
| 008 | 160829s1985 xx 000 0 cat d | ||
| 080 | |a F-1-17 | ||
| 100 | |a Lévy-Bruhl, Lucien |9 26388 | ||
| 245 | |a L'ànima primitiva / Lucien Lévy-Bruhl ; traducció de Santiago Albertí ; edició a cura de Joan Frigolé i Reixach ; pròleg de Ramon Valdés | ||
| 260 | |a Barcelona : |b Edicions 62 : |b Diputació de Barcelona, |c 1985 | ||
| 300 | |a 355 p., [3] f. ; |c 19 cm | ||
| 490 | |a Clàssics del pensament modern ; 20 | ||
| 650 | |a Filosofia francesa |9 26385 | ||
| 700 | 1 | |a Albertí, Santiago |e traductor |9 20716 | |
| 700 | 1 | |a Frigolé, Joan, |d 1943- |e editor |9 26389 | |
| 700 | |a Valdés, Ramón, pr. I |9 26390 |e autor del pròleg | ||
| 710 | 1 | |a Barcelona (Catalunya : Província). |b Diputació |9 52408 | |
| 901 | |a Arxiu | ||
| 942 | |n 1 |2 udc | ||
| 952 | |0 0 |1 0 |4 0 |6 F117 |7 1 |9 43973 |a Arxiu |b Arxiu |d 2016-12-01 |l 0 |o F-1-17 |p 1241 |r 2016-12-01 00:00:00 |w 2016-12-01 |y ARXIU | ||
| 999 | |c 46553 |d 46553 | ||